[Event "Mittelfranken-chTB2b 1819"]
[Site "Mittelfranken"]
[Date "2018.10.14"]
[Round "1.8"]
[White "Paul, Arthur"]
[Black "Schoensteiner, Hans Juergen"]
[Result "1-0"]
[WhiteElo "1800"]
[BlackElo "1568"]
[PlyCount "45"]
[EventDate "2018.10.14"]
[EventType "team-tourn"]
[EventRounds "9"]
[EventCountry "GER"]
[SourceTitle "EXT 2022"]
[Source "ChessBase"]
[SourceDate "2021.10.06"]
[SourceVersion "1"]
[SourceVersionDate "2021.10.06"]
[SourceQuality "1"]
[WhiteTeam "Nuernberg Sued SW III"]
[BlackTeam "Nuernberg Anderssen"]
[WhiteTeamCountry "GER"]
[BlackTeamCountry "GER"]

1. e4 e5 2. Nf3 Nc6 3. Bb5 Nge7 4. 0-0 a6 5. Ba4 d6 6. c3 Bd7 7. Bc2 h6 8. d4 Ng6 9. Re1 Qe7 10. a4 0-0-0 11. d5 Nb8 12. b4 Qe8 13. c4 Ne7 14. Nc3 g6 15. c5 f5 16. cxd6 cxd6 17. Qe2 b5 18. axb5 axb5 19. Be3 fxe4 20. Bxe4 Nf5 21. Rec1 Nxe3 22. Qxe3 Bf5 23. Nxb5+ 1-0